100 Commonest Dutch Words Quiz Stats

 Plays Quiz Updated Apr 29, 2015

Challenge
Share
Tweet
Embed
Score 0/100 Timer 10:00
1 Play Today
Rank Word % Correct
1.de
89.4%
4.het
85.6%
40.ik
78.8%
3.een
76.8%
90.één
68.9%
6.in
64.6%
48.we
63.8%
36.In
63.5%
11.zijn
61.9%
9.op
60.2%
35.hij
60%
5.en
59.7%
42.je
58.4%
84.u
56.9%
7.is
56.4%
32.ze
55.6%
86.na
53.3%
2.van
51.3%
10.te
50.3%
8.dat
50.2%
12.voor
48.2%
76.waar
47.5%
44.al
45.8%
49.wat
44.6%
64.twee
43.5%
15.niet
43.4%
45.hebben
43.3%
88.gaan
43.1%
60.zo
42.5%
18.om
40.8%
14.die
39.8%
13.met
39.8%
17.er
38.8%
22.maar
38.7%
Rank Word % Correct
66.onder
38.1%
85.daar
37.4%
50.Maar
36.5%
24.of
36.2%
41.kan
35.9%
20.als
34.5%
53.wel
34.3%
69.wil
33.9%
56.dit
33.5%
21.dan
33.1%
29.naar
33.1%
39.was
33%
16.aan
32.9%
23.bij
32.4%
57.deze
32%
25.uit
31.6%
81.ons
31.6%
98.doen
31.1%
68.haar
30.3%
83.ons
29.8%
77.goed
28.6%
47.hun
28.1%
34.over
27.5%
54.kunnen
27%
55.nu
25.6%
19.ook
23.8%
30.heeft
23.6%
46.geen
23.3%
28.door
23%
58.zal
22%
97.omdat
21.3%
73.gaat
21.3%
59.veel
21.1%
37.meer
20.7%
Rank Word % Correct
52.moet
20.7%
79.dus
20.6%
87.had
20.4%
89.alle
20.2%
27.worden
19.1%
71.men
18%
31.tot
17.7%
95.komen
17.2%
26.nog
16.2%
70.tegen
15.9%
33.wordt
15.3%
74.tussen
14.9%
63.zou
14.9%
65.moeten
13.4%
99.weer
13%
78.maken
12.9%
51.werd
10.1%
38.jaar
9.8%
80.alleen
7.8%
93.komt
7.7%
67.eerste
7.2%
72.mensen
6.7%
96.zoals
6.5%
43.zich
6.3%
61.andere
5.8%
100.staat
5.8%
75.grote
5.6%
94.eigen
3.8%
82.frank
3.6%
62.nieuwe
3.4%
91.miljoen
3%
92.jaren
2.3%

You're not logged in!

Compare scores with friends on all Sporcle quizzes.
Join for Free
OR
Log In

You Might Also Like...

Show Comments

Extras

Top Quizzes Today


Score Distribution

Your Account Isn't Verified!

In order to create a playlist on Sporcle, you need to verify the email address you used during registration. Go to your Sporcle Settings to finish the process.

Report this User

Report this user for behavior that violates our Community Guidelines.

Details: